| 000 | 00000nam 2200000zi 4500 |
| 001 | 9.917486 |
| 003 | CaOODSP |
| 005 | 20230424111650 |
| 006 | m o d f |
| 007 | cr cn||||||||| |
| 008 | 221118s2022 quca o f000 0 eng d |
| 020 | |a9780660463254 |
| 040 | |aCaOODSP|beng|erda|cCaOODSP |
| 043 | |an-cn--- |
| 086 | 1 |aD96-95/2022E-PDF |
| 245 | 00|aHow to celebrate Unboxing Day! |
| 264 | 1|a[Gatineau, QC] : |bCommunications Security Establishment = Centre de la sécurité des telecommunications, |c[2022] |
| 300 | |a1 online resource (1 page) : |billustrations |
| 336 | |atext|btxt|2rdacontent |
| 337 | |acomputer|bc|2rdamedia |
| 338 | |aonline resource|bcr|2rdacarrier |
| 500 | |aIssued also in French under title: La fête du Cyberdéballage, qu'est-ce que c'est? |
| 520 | |a"The holidays can be the most wonderful time of the year – but they can also be stressful. If you’ve ever felt like you needed a holiday after the holidays, we created one for you: Unboxing Day! Unboxing Day takes place on December 27th and is easy to celebrate. If you received or treated yourself to a new device this holiday, use Unboxing Day to unbox your new gadget and set it up to be cyber secure"--page [1]. |
| 650 | 0|aComputer networks|xSecurity measures|zCanada. |
| 710 | 2 |aCommunications Security Establishment (Canada), |eissuing body. |
| 775 | 08|tLa fête du Cyberdéballage, qu'est-ce que c'est?|w(CaOODSP)9.917487 |
| 856 | 40|qPDF|s1.47 MB|uhttps://publications.gc.ca/collections/collection_2023/cstc-csec/D96-95-2022-eng.pdf |
| 856 | 4 |qHTML|sN/A|uhttps://www.getcybersafe.gc.ca/en/resources/how-celebrate-unboxing-day |